000 00431nam a2200157 4500
001 126789
003 ES-MaACL
005 20230906192900.0
007 t|
008 070214s1968 sp r ||||1| spa d
245 0 0 _aRetrato de Camilo Torres /
_cH. Bojorge... [et al.].
260 _aBarcelona :
_bEl Ciervo,
_c1968.
300 _a122 p. ;
_c22 cm.
700 1 _aBojorge, Horacio.
_929925
852 _aES-MaACL
_jC-47838
_bR.66615
999 _c126789
_d126789